=LDR 00000nam 2200000 4500 =001 NUTBA000000000001245 =005 20140417155050.0 =006 =007 =008 =035 ##$$a 0010-041400000000515 =082 ##$$a f rom k =090 ##$$a f rom k $b riz k =100 ##$$a sekar rizki $l indonesia $t goodbye, my teacher =245 ##$$a goodbye, my teacher =260 ##$$a Jakarta $b Dar Mizan $c 2009 =300 ##$$a 154 hlm $c 20 cm =850 ##$$a NBPBMAT